000
00319nam a22001337a 4500
008
170609b xxu||||| |||| 00| 0 eng d
020
_a
9781403962485
041
_a
eng
080
_a
94
100
_a
19
101
_a
SHH
245
_a
SYRIA'S TERRORIST WAR ON LEBANON AND THE PEACE PROCESS
_c
DEEB,M
942
_2
udc
_c
BK
999
_c
16774
_d
16774